Zváranie. STN 05 2009. EN ISO 17662 : Kalibrovanie, overovanie a osvedčenie zariadení používaných na zváranie vrátane príbuzných technológií. November 2005

Na minha lista:
Detalhes bibliográficos
Formato: Livro
Idioma:eslovaco
Publicado em: Bratislava : Slovenský ústav technickej normalizácie, 2005
Assuntos:
Tags: Adicionar Tag
Sem tags, seja o primeiro a adicionar uma tag!

MARC

LEADER 00000nam a22000003a 4500
001 stu119599
005 20150408162945.3
008 060531s2005----xo------------------slo-d
040 |a STU  |b slo 
041 0 |a slo 
044 |a xo 
245 |a Zváranie. STN 05 2009. EN ISO 17662 :  |b Kalibrovanie, overovanie a osvedčenie zariadení používaných na zváranie vrátane príbuzných technológií. November 2005 
260 |a Bratislava :  |b Slovenský ústav technickej normalizácie,  |c 2005 
300 |a 36 s 
650 7 |a zváranie  |2 stusub 
650 7 |a kalibrovanie  |2 stusub 
996 |b 284M073207  |c M*N-1189-1  |l MMKN  |s A  |a 24  |w stu119599_0001